00483nam a2200145Ia 4500008004100000041000800041082001400049100002000063245004500083260002700128300003300155365001100188999001700199952012100216240624s9999 xx 000 0 und d aeng a658.4 VER aVERCELLIS CARLO aBUSINESS INTELLIGENCE DATA MINING AND OP c2009aNew DelhibWiley axviii, : 417 : p. : cm. ; 23 cRSb31 c23029d23029 00104070aIMTNbIMTNcRack 28-Ad2014-09-25eIBHg489.00o658.4 VERp23029r2024-06-24 00:00:00t1w2024-06-24yBK